[Event "POL-chT 2nd League"]
[White "Suliborski, Jakub"]
[Black "Olejarczyk, Wojciech"]
[Site "Poronin"]
[Round "9.15"]
[Result "1-0"]
[Date "2020.09.13"]
[WhiteElo "2114"]
[BlackElo "1829"]
[PlyCount "58"]
[EventDate "2020.09.05"]
[EventType "team-swiss"]
[EventRounds "9"]
[EventCountry "POL"]
[SourceTitle "CBM 198 Extra"]
[Source "ChessBase"]
[SourceDate "2020.11.30"]
[SourceVersion "1"]
[SourceVersionDate "2020.11.30"]
[SourceQuality "1"]
[WhiteTeam "Minsk Mazowiecki MTSz"]
[BlackTeam "Zakrzewo Korona"]
[WhiteTeamCountry "POL"]
[BlackTeamCountry "POL"]

1. e4 c5 2. Nf3 d6 3. d4 cxd4 4. Nxd4 Nf6 5. Nc3 g6 6. Be3 Bg7 7. f3 Nc6 8. Qd2 Bd7 9. 0-0-0 Rc8 10. Bh6 Bxh6 11. Qxh6 Qa5 12. Nb3 Qc7 13. Rd2 a6 14. f4 Be6 15. Kb1 b5 16. Bd3 Na5 17. f5 Bc4 18. fxg6 fxg6 19. e5 Bxd3 20. exf6 Bf5 21. Nxa5 exf6 22. Nb3 b4 23. Re2+ Kf7 24. Nd5 Bxc2+ 25. Ka1 Qd7 26. Re7+ Qxe7 27. Nxe7 Kxe7 28. Qg7+ Ke6 29. Nd4+ Kd5 1-0